logo

Bir Sreshtho Munshi Abdur Rouf Library
Jhenaidah Cadet College

বাংলাদেশে মিলিটারি ক্যু / (Record no. 12229)

MARC details
000 -LEADER
fixed length control field 00910nam a2200253 a 4500
001 - CONTROL NUMBER
JCCL Control Number 12229
003 - CONTROL NUMBER IDENTIFIER
JCCL marc code BD-JhCC
005 - DATE AND TIME OF LATEST TRANSACTION
control field 20220524134021.0
008 - FIXED-LENGTH DATA ELEMENTS--GENERAL INFORMATION
fixed length control field 210829b2021 bg a|||| ||a| 001 0 ben d
035 ## - SYSTEM CONTROL NUMBER
system control number (BD-JhCC)12229
040 ## - CATALOGING SOURCE
Original cataloging agency BD-JhCC
Modifying agency BD-JhCC
041 ## - LANGUAGE CODE
Language code of Book Bengali
082 ## - DEWEY DECIMAL CLASSIFICATION NUMBER
DDC Edition number 23
Classification number 321.09095492
Author mark and Year KHA 2021
100 ## - MAIN ENTRY--PERSONAL NAME
Personal name খসরু,বি জেড
245 ## - TITLE STATEMENT
Title বাংলাদেশে মিলিটারি ক্যু /
Statement of responsibility, etc বি জেড খসরু, অনুঃ সিরাজ উদ্দিন সাথী ।
260 ## - PUBLICATION, DISTRIBUTION, ETC. (IMPRINT)
Place of publication, distribution, etc ঢাকা:
Name of publisher, distributor, etc দি ইউনিভার্সেল একাডেমী;
Date of publication, distribution, etc ২০২১.
300 ## - PHYSICAL DESCRIPTION
Pagination 368 p. :
Other physical details ill;
Dimensions 22 cm.
650 ## - SUBJECT ADDED ENTRY--TOPICAL TERM
Topical term or geographic name as entry element Milatay Govermat
650 ## - SUBJECT ADDED ENTRY--TOPICAL TERM
Topical term or geographic name as entry element Politic Relations
650 ## - SUBJECT ADDED ENTRY--TOPICAL TERM
Topical term or geographic name as entry element Central Intelligence Agancey
700 ## - ADDED ENTRY--PERSONAL NAME
Personal name সাথী ,সিরাজ উদ্দিন
942 ## - ADDED ENTRY ELEMENTS (KOHA)
Source of classification or shelving scheme Dewey Decimal Classification
Koha item type Books
Koha issues (borrowed), all copies 1
Holdings
Source of classification or shelving scheme Damaged status Not for loan Home library Current library Shelving location Date of accession Cost, normal purchase price Total Checkouts Full call number Barcode Date last seen Date checked out Copy number Koha item type
Dewey Decimal Classification     JCC Rouf Library JCC Rouf Library General Stacks 08/29/2021 390.00 2 321.09095492 KHA 2021 16753 02/26/2024 02/19/2024 C-1 Books

JCC Library | Contacts | JCC Home

Last Update on 23 September 2017
Copyright @ 2017-2020 JCC Rouf Library
Rouf Library, Jhenidah Cadet College (JCC), Bangladesh